| 000 | 00748nam a2200217 a 4500 | ||
|---|---|---|---|
| 001 | 000027200 | ||
| 003 | DO-SdBNP | ||
| 005 | 20240316073904.0 | ||
| 007 | ta | ||
| 008 | 110330s1981 dr abe r 000 0 spa d | ||
| 040 |
_aDO-SdBNP _bspa _cBNPHU |
||
| 082 | 4 |
_bV443m _222 |
|
| 100 | 1 |
_aVeloz Maggiolo, Marcio, _d1936-2021 _91104 |
|
| 245 | 1 | 4 |
_aLos modos de vida Mellacoides y sus posibles orĂgenes : _b(Un estudio interpretativo) / _cMarcio Veloz Maggiolo, Elpidio Ortega, Angel Caba Fuentes. |
| 260 |
_aSanto Domingo : _bMuseo del Hombre Dominicano, _c1981. |
||
| 300 |
_a433 p. : _bil., mapa, planos ; _c23 cm. |
||
| 590 | _aInventariado, 2022/BT | ||
| 700 | 1 |
_aOrtega, Elpidio _916002 |
|
| 700 | 1 |
_aCaba Fuentes, Angel _954262 |
|
| 942 |
_2ddc _cLBS1 |
||
| 999 |
_c26692 _d26692 |
||